España Cultura General Historia - Estadísticas

Estadísticas generales
  • Esta prueba ha sido intentada 105 veces
  • La puntuación promedio es 16 de 39
Estadísticas de respuestas
Hint Respuesta % Correcto
Presidente actual de España Pedro Sánchez
76%
Tenista español mas laureado Rafa Nadal
75%
Ciudad capital del Reino Visigodo en la Península Ibérica Toledo
71%
Año en el que se termino la reconquista 1492
70%
Rey al que llamaban "el hechizado" Carlos II
65%
Autor y poeta andaluz fusilado en la guerra civil (nombre completo) Federico García Lorca
65%
Ciudad bombardeada en la Guerra Civil Española y retratada por Picasso Guernica
65%
Rey que ordenó la construcción de la anterior Felipe II
61%
Mote del hermano de Napoleón que llegó a gobernar en España Pepe Botella
61%
Artifice de la Transición Española Adolfo Suárez
53%
Primer rey austria en introducir validos en España Felipe III
53%
Artista conocido por pintar en dedicación a Felipe IV "Las Meninas" Diego Velázquez
51%
Archipielago de islas en el Pacífico que fueron conquistadas por el Imperio Español tras la expedición de Magallanes Filipinas
51%
Región de la que provenía Amadeo I Saboya
48%
Batalla de la reconquista que cambió el curso de la guerra e inicio el declive del dominio musulmán Navas de Tolosa
45%
General español considerado el "director" del levantamiento que llevo a la Guerra Civil Emilio Mola
44%
Imperio que creo colonias en la costa sur mediterranea de la Península Ibérica Fenicio
43%
Primer futbolista Español en ser galardonado con el Balón de Oro Luis Suarez
43%
Ciudad de Jaén en la que se libró una de las batallas mas importantes en la rebelión española contra Napoleón Bailén
41%
Ciudad celta conocida por su resistencia y derrota tras ser asediada por Roma Numancia
41%
Pais que ayudo principalmente a los republicanos Unión Soviética
40%
Primer rey visigodo en convertirse al catolicismo Recaredo
35%
Undidad militar creada por el Gran Capitán en 1525 en una batalla contra los franceses Tercio
35%
Pasatiempos favorito de Carlos IV Caza
34%
Parque en Barcelona diseñado por Gaudí Parque Güell
34%
Pueblo prerromano misterioso que se ubicaba en en la zona de Sevilla, Huelva y Cádiz Tartessos
34%
Valido conocido por mover la capital a Valladolid para así vender sus terrenos a mayor precio Duque de Lerma
30%
General romano que derroto a Aníbal Barca y a Cartago en la segunda guerra púnica Escipìón el Africano
30%
Rey que fue padre de Juana "la Beltraneja" Enrique IV
28%
Rey que sucedió a Favila (hijo de Don Pelayo) Alfonso I
26%
Cuadillo lusitano conocido por su conociemiento de las montañas y sus tácticas de guerra Viriato
24%
Nombre completo del Gran Capitán Gonzalo Fernández de Córdoba
23%
Explorador español que según el mito emprendió en busqueda de la fuente de eterna juventud. Ponce de León
18%
Edificio construido tras la victoria española en la batalla de San Quintín Monasterio del Escorial
16%
Pueblo español de Castilla en el que fue construido por orden de Felipe V un palacio que imitará al de su Francia nata La Granja de San Ildefonso
15%
Armada inglesa posterior a la Armada Invencible que sucumbió ante los españoles Contraarmada
14%
General español que provocó la restauración de la monarquía borbónica General Martínez-Campos
14%
Autor Español que escribió una obra con el mismo nombre que la anterior Benito Pérez Galdós
11%
Reina consorte que tras su muerte volvió loco a Fernando VI Barbara de Braganza
5%
No se encontraron pruebas coincidentes
Distribución de puntuación
Porcentaje de gente con cada puntuación
Porcentaje por número respondido
Historial de tus puntuaciones
No has intentado esta prueba.